ANALYSIS OF FATTENING ABILITY, CARCASS AND MEAT QUALITY OF HEAVY TSIGAI LAMBS

Bibliographic Details
Main Authors: Krupa, E. (Author), Huba, J. (Author), Tomka, J. (Author), Zaujec, K. (Author), Oravcová, M. (Author), Polák, P. (Author), Krupová, Z. (Author)
Format: Article
Language:English

MARC

LEADER 00000nab a2200000uu 4500
001 vtls010898673
003 SK-MaSNL
005 20260303141502.0
008 230222|2013 xo |||||||||||||||||eng|
015 |a SNBRB 
035 |a (urnnbn)urn:nbn:sk:snk:ar-006p17 
035 |a (uuid)35e1c06e-574f-44a2-a646-47e9549a6fb2 
035 |a urn:nbn:sk:snk-ab8qt8 
040 |a SNKBUCL  |b slo  |c SNKBUCL  |e AACR2 
041 0 |a eng 
044 |a xo  |c SK 
100 1 |a Krupa, E.  |4 aut  |9 1152940 
245 1 0 |a ANALYSIS OF FATTENING ABILITY, CARCASS AND MEAT QUALITY OF HEAVY TSIGAI LAMBS  |c E. Krupa, J. Huba, J. Tomka, K. Zaujec, M. Oravcová, P. Polák, Z. Krupová 
700 1 |a Huba, J.  |4 aut  |9 772916 
700 1 |a Tomka, J.  |4 aut  |9 664687 
700 1 |a Zaujec, K.  |4 aut  |9 825226 
700 1 |a Oravcová, M.  |4 aut  |9 578241 
700 1 |a Polák, P.  |4 aut  |9 316892 
700 1 |a Krupová, Z.  |4 aut  |9 1153057 
773 0 |t Slovak journal of animal science  |g Roč. 46, č. 1 (2013), s. 35-38 
958 |a OND 
958 |a EUIPO 
958 |a article10 
999 |c 1976709  |d 1978639